عرض عادي عرض مارك
  • Collard, Martine.

مدخل إسم شخص

عدد التسجيلات المستخدمة في: 1

001 - رقم الضبط

  • حقل الضبط: 113745

003 - معرف رقم الضبط

  • حقل الضبط: OSt

005 - تاريخ ووقت أخر عملية

  • حقل الضبط: 20221211124449.0

008 - عناصر بيانات ثابتة الطول

  • حقل تحكم ثابت الطول: 221211|| aca||aabn | a|a d

040 ## - مصدر الفهرسة

  • هيئة الفهرسة الأصلية: OSt
  • وكالة الكتابة: OSt

100 ## - مدخل -- أسم شخص

  • إسم شخص: Collard, Martine.

670 ## - بيانات المصدر موجوده

  • الاستشهاد بالمصدر: Work cat.: (OSt)0: SWDB-ODBIS 2007 (2007 : Vienna, Austria) 113741, Semantic Web, ontologies and databases :